000 01836cam a2200337 a 4500
999 _c329103
_d329103
001 15909946
003 Nust
005 20170424120503.0
008 090917s2009 nyu 000 1 eng
010 _a 2009037527
020 _a9780670021383
020 _a0670021385
035 _a(OCoLC)ocn430051430
040 _aDLC
_cDLC
_dIG#
_dBTCTA
_dNSB
_dUPZ
_dHSA
_dABG
_dNSB
_dXL4
_dYDXCP
_dDLC
050 0 0 _aPR9369.3.C58
_bS86 2009
082 0 0 _a823.914 COE
_222
100 1 _aCoetzee, J. M.,
_d1940-
245 1 0 _aSummertime :
_bfiction /
_cJ.M. Coetzee.
250 _a1st American ed.
260 _aNew York :
_bViking,
_c2009.
300 _a266 p. ;
_c22 cm.
500 _aSequel to: Boyhood, and Youth.
505 0 _aNotebooks 1972-75 -- Julia -- Margot -- Adriana -- Martin -- Sophie -- Notebooks: undated fragments.
520 _aIn this autobiographical novel, a young English biographer is researching a book about the late South African writer John Coetzee, focusing on Coetzee in his thirties, at a time when he was living in a rundown cottage in the Cape Town suburbs with his widowed father--a time, the biographer is convinced, when Coetzee was finding himself as a writer.
650 0 _aAuthors
_vFiction.
650 0 _aAutobiographical fiction.
856 4 2 _3Contributor biographical information
_uhttp://www.loc.gov/catdir/enhancements/fy1005/2009037527-b.html
856 4 2 _3Publisher description
_uhttp://www.loc.gov/catdir/enhancements/fy1005/2009037527-d.html
906 _a7
_bcbc
_corignew
_d1
_eecip
_f20
_gy-gencatlg
942 _2ddc
_cBK